000 00873nam a22002297a 4500
003 OSt
005 20251126170743.0
008 251126b |||||||| |||| 00| 0 eng d
020 _a978-621-9740-7-2
040 _aDWCL Main-Lib
_cOC
082 _22025 edition
_aFil. 657.06 G373c 2024
100 _aGerman, Christopher I.
245 _aComprehensive reviewer in advanced financial accounting and reporting
_cChristopher I. German, and Patricia M. Empleo
250 _a2025 edition
260 _aQuezon City, Philippines:
_bPME Publishing Corporations,
_c c2024.
300 _avi, 442 pages;
_c25 cm.
504 _aIncludes bibliographical references.
650 _a1. Accounting -- Examination, questions etc.
650 _a2. Finance and Accounting -- examination, questions etc.
700 _aEmpleo, Patricia M.
942 _2ddc
_cBK - FIL
_e2025 edition
_kFil.
_n0
999 _c6417
_d6417